Geometry Dash Bullet Test - Gamma - Statistics

General Stats
  • This quiz has been taken 7 times
  • The average score is 4 of 10
Answer Stats
Creator % Correct
MindCap
100%
MetalFace221
75%
Angryboy
50%
Lemons
50%
Pennutoh
50%
Lithifusion
25%
Mactanow
25%
Djoxy (with HequinoX)
0%
HequinoX (with Djoxy)
0%
iNighti
0%
No matching quizzes found
Score Distribution
Percent of People with Each Score
Percentile by Number Answered
Your Score History
You have not taken this quiz